000
00364nam a22001097a 4500
082
_a
080/KAR
100
_a
कारनेगी ,डेल
_9
81643
245
_a
आप भी लीडर बन सकते है
260
_a
भोपाल
_b
मंजुल पब्लिकैशन
_c
2018
650
_a
सामान्य वर्ग
942
_c
HIN
999
_c
67531
_d
67531